Wszystko co musisz wiedzieć aby zdać 2 klasę? (sp) - Statystyki

Ogólne statystyki
  • Ten quiz został rozwiązany 144 razy
  • Średni wynik to 5 z 10
Statystyki odpowiedzi
polecenie pytanie odpowiedź % Poprawnych
oblicz 3x3 9
100%
oblicz 20:4 5
99%
odpowiedz Kto odkrył to że Ziemia krąży wokół słońca? Mikołaj Kopernik
74%
odpowiedz W ile dni Bóg stworzył świat? 6
58%
odpowiedz Ile dźwięków znajduje się w jednej oktawie? 8
52%
odpowiedz Jaki program służy do edytowania tekstu? word
51%
dokończ Rzeczownik to... część mowy
38%
przetłumacz On jest wesoły He's happy
12%
odpowiedz Jaka część rośliny jest jej ,,początkiem i końcem"? nasiono
9%
przetłumacz Jest 21:37 It's 37 past 21
2%
Nie znaleziono quizów pasujących do podanych kryteriów
Rozkład punktacji
Procent ludzi z każdym wynikiem
Percentyl według liczby udzielonych odpowiedzi
Twoja historia wyników
Nie rozwiązałeś tego quizu